Anwendung der IFRS durch slowakische unternehmen diplomová práca

Gespeichert in:
Bibliographische Detailangaben
1. Verfasser: Kalivoda, Ivan
Körperschaft: Ekonomická univerzita v Bratislave. Ústav medzinárodných programov
Weitere Verfasser: Ebeling, Ralf Michael
Format: Buch
Sprache:Deutsch
Veröffentlicht: Bratislava 2011
Tags: Tag hinzufügen
Keine Tags, Fügen Sie das erste Tag hinzu!

MARC

LEADER 00000nam a2200000 4500
001 0150321
005 20240318114959.1
041 0 |a ger 
044 |a SK 
245 1 0 |a Anwendung der IFRS durch slowakische unternehmen  |b diplomová práca  |c Ivan Kalivoda ; školiteľ: Ralf Michael Ebeling 
264 1 |a Bratislava  |c 2011 
300 |a 54 s. 
100 1 |a Kalivoda, Ivan 
700 1 |a Ebeling, Ralf Michael 
710 2 |a Ekonomická univerzita v Bratislave. Ústav medzinárodných programov